Orientaciones pastorales V
Gespeichert in:
| Körperschaft: | |
|---|---|
| Format: | Buch |
| Sprache: | Spanisch |
| Veröffentlicht: |
Santiago
Paulinas
1973
|
| Schlagworte: | |
| Tags: |
Tag hinzufügen
Keine Tags, Fügen Sie den ersten Tag hinzu!
|
MARC
| LEADER | 00000nam a2200000 a 4500 | ||
|---|---|---|---|
| 001 | UCI6882 | ||
| 003 | CL-VaPUC | ||
| 008 | 080530e19730000CL |||||||||||||||||spa|d | ||
| 082 | 0 | 4 | |a 253 |b ASA |2 21 |
| 110 | 2 | |a Asamblea Plenaria Conferencia Episcopal de Chile |e author |9 529936 | |
| 245 | 1 | 0 | |a Orientaciones pastorales V |
| 300 | |a 38 p | ||
| 942 | |c BK | ||
| 945 | |d 20080530 00:00:00 |a jtorresc | ||
| 260 | |a Santiago |b Paulinas |c 1973 | ||
| 500 | |a Donación Padres Capuchinos | ||
| 650 | 0 | |a Teología pastoral |9 257832 | |
| 650 | 0 | |a Iglesia Católica |9 256114 | |
| 583 | |a last modification |c 20080530 00:00:00 |k Rodrigo Vera | ||
| 999 | |c 330328 |d 330326 | ||
| 952 | |0 0 |1 0 |4 0 |6 253_000000000000000_ASA_1973 |7 0 |8 X |9 415828 |a FDOBUD |b FDOBUD |d 2019-11-22 |i 4442393 |o 253 ASA 1973 |p 4442393 |r 2019-11-22 |w 2019-11-22 |y BK_X |k BUD | ||